000 00605nam a22001937a 4500
999 _c13724
_d13724
003 AR-CdUCM
008 190416b ||||| |||| 00| 0 spa d
040 _aMUNICIPALIDAD PROVINCIAL DEL CUSCO
_cBIBLIOTECA MUNICIPAL DEL CUSCO
082 _a223.33 /
_bM46
100 _aMayer de Zulen, Dora
_932235
245 _aLa intangibilidad de las comunidades indĂ­genas /
260 _aCallao :
_c1936.
300 _a66 paginas ;
_c21 cm.
505 _aContenido :Comunidades del PerĂș /
650 _aComunidades campesinas
_92214
650 _aPeru
_9429
942 _2ddc
_cLIBROS
945 _arjall
_d2019-04-16